| 000 | 00400nam a2200169Ia 4500 | ||
|---|---|---|---|
| 005 | 20240717024115.0 | ||
| 008 | 240331s9999 xx 000 0 und d | ||
| 082 |
_bMER _a200 |
||
| 100 | _aMernissi, F | ||
| 245 | 0 | _aWomen, saints and sanctuaries | |
| 260 |
_aPakistan _bsimorgh Publication _c1987 |
||
| 300 | _a18 , p ., | ||
| 650 | _aWomen | ||
| 650 | _aCulture | ||
| 650 | _aSociety | ||
| 942 | _cL | ||
| 999 |
_c4400 _d4400 |
||